000 00341nam a22001337a 4500
082 _a894.812
_bSAT/D
100 _aSATHEESAN
245 _aDHASHAVATHARA KADHAKAL
260 _aH&C PUBLISHING HOUSE
_bTHRISSUR
300 _a71
520 _aTHIS STORY HELPS TO UNDERSTAND OUR CULTURE
650 _aSHORT STORY MALAYALAM
_zKERALA
942 _cBK
999 _c1110
_d1110